000
00237nam a2200121Ia 4500
100
_a
None
942
_c
RB
654
_a
Wood work
245
_a
Wood work in theory & practice
260
_b
none
082
_a
684.08
546
_a
ENGLISH
999
_c
34485
_d
34485